Issues of bilingualism in the Straits Times, 1959-1991 /
Saved in:
| 主要作者: | |
|---|---|
| 格式: | Thesis 圖書 |
| 語言: | English |
| 出版: |
1992.
|
| 主題: | |
| 標簽: |
添加標簽
沒有標簽, 成為第一個標記此記錄!
|
| LEADER | 00836cam a2200253 a 4500 | ||
|---|---|---|---|
| 001 | u337938 | ||
| 003 | SIRSI | ||
| 008 | 931019s1992 si v 00 1 eng m | ||
| 035 | |a ABQ-3616 | ||
| 040 | |a UMM | ||
| 043 | |a a-si--- | ||
| 090 | |a P115 |b Lee | ||
| 100 | 1 | 0 | |a Lee, Mary Ching Ling. |
| 245 | 1 | 0 | |a Issues of bilingualism in the Straits Times, 1959-1991 / |c Mary Lee Ching Ling. |
| 260 | |c 1992. | ||
| 300 | |a ix, 125 leaves : |b ill. ; |c 29 cm. | ||
| 502 | |a Dissertation (M.A.) -- National University of Singapore, 1992. | ||
| 504 | |a Bibliography: leaves 122-125. | ||
| 650 | 0 | |a Language policy |z Singapore. | |
| 650 | 0 | |a Bilingualism |z Singapore. | |
| 630 | 0 | |a Straits times (Singapore) | |
| 948 | |a 19/10/1993 |b 20/08/2002 | ||
| 596 | |a 1 | ||
| 999 | |a P115 LEE |w LC |c 1 |i A504482304 |d 26/4/2012 |e 11/2/2010 |l STACKS |m P01UTAMA |n 2 |r Y |s Y |t TESIS |u 1/12/1993 | ||
